00345nam a2200109Ia 4500008004100000082000800041100001600049245005400065942000600119952009500125999001500220240331s9999 xx 000 0 und d bYOG aYogarasa, S 0aIndraya illakiyangalil ithihasap penn pathirangal cL 001040708LaWERCLbWERCLcSSCd2024-03-31l0o 305 YOGp4871r2024-03-31w2024-03-31yL c1497d1497